Kociánova husľová súťaž

Bibliographic Details
Main Author: Pragant, Ján, 1912-2000 (Author)
Format: Article
Language:Slovak
Subjects:

MARC

LEADER 00000nab a2200000 a 4500
001 vtls000001338
003 SK-MaSNL
005 20260304063256.0
008 250422c1978 xo 0 slo
015 |a SNBRB19rr/mm-uuuuu 
035 |a CL0011430 
035 |a urn:nbn:sk:snk-ab1tub 
035 |a (urnnbn)urn:nbn:sk:snk:ar-a00y94 
035 |a (uuid)5569d862-ea1d-4348-8293-85c6c5f31f83 
040 |a SNKBUCL  |b slo  |c SNKBUCL  |e AACR2 
041 0 |a slo 
044 |a xo  |c SK 
080 |a 787  |2 1981 
100 1 |a Pragant, Ján,  |d 1912-2000  |4 aut  |9 115038 
245 1 0 |a Kociánova husľová súťaž  |c Ján Pragant 
650 0 7 |a hudba pre sláčikové nástroje  |2 snkbucl  |9 73066 
655 7 |a články z novín a časopisov  |2 snkbucl  |9 267496 
773 0 |t Hudobný život  |g Roč. 10, č. 12 (19. 6. 1978), s. 2 
850 |a Slovenská národná knižnica 
852 |a Slovenská národná knižnica 
954 |a odborná, vedecká literatúra pôvodná (slovenská)  |2 lita 
957 |a 3611 
958 |a article27 
958 |a OND 
958 |a RK 
958 |a EUIPO 
992 |a RBX 
999 |c 2741934  |d 2743864